Statistics for Five Extreme Asian Countries' Points by Direction

Click here to take the quiz!

General Stats

  • This quiz has been taken 394 times
  • The average score is 18 of 20

Answer Stats

DegreesCountry% Correct
long153°59'EJapan
99%
lat55°43'NKazakhstan
97%
lat52º09'NMongolia
97%
lat81°51'NRussia
97%
long169°01'WRussia
97%
long134°46'EChina
96%
lat53°34'NChina
96%
lat11°00'SIndonesia
96%
long141°05'EIndonesia
96%
long25°39'ETurkey
94%
long34°15'EIsrael
91%
lat00°51'NMalaysia
89%
lat09°30'SEast Timor
87%
lat01°09'NSingapore
86%
long34°55'EJordan
83%
long32°16'ECyprus
81%
long130°56'ESouth Korea
81%
lat00°42'SMaldives
79%
lat45°36'NUzbekistan
75%
long34°33'ESaudi Arabia
74%

Score Distribution

Percentile by Number Answered

Percent of People with Each Score

Your Score History

You have not taken this quiz